[Event "Open Letni Praha 2017 - A"]
[Site "Praha"]
[Date "2017.08.11"]
[Round "9"]
[White "Mammadova, Narmin"]
[Black "Kastner, Oldrich"]
[Result "1/2-1/2"]
[WhiteElo "2277"]
[BlackElo "2037"]
[PlyCount "69"]
[EventDate "2017.08.04"]

1. e4 e6 2. d4 d5 3. e5 c5 4. c3 Qb6 5. Nf3 Nc6 6. Na3 cxd4 7. cxd4 f6 8. Bd3
Nb4 9. Be2 Bd7 10. O-O Rc8 11. exf6 Nxf6 12. Ne5 Bd6 13. Bg5 Nc6 14. Bh5+ Ke7
15. Qg4 Bxe5 16. dxe5 Nxe5 17. Qe2 Nf7 18. Bxf6+ gxf6 19. Rad1 Rhg8 20. Kh1 Rg7
21. f4 Qa6 22. Qe3 Nd6 23. Bf3 Kf7 24. Rfe1 f5 25. Qe5 Kg8 26. Rc1 Rf7 27. Bh5
Rff8 28. Rxc8 Bxc8 29. Bf3 Ne4 30. Bxe4 fxe4 31. Qg5+ Kh8 32. Qe5+ Kg8 33. Qg5+
Kh8 34. Qe5+ Kg8 35. Qg5+ 1/2-1/2

[Event "Open Letni Praha 2017 - A"]
[Site "Praha"]
[Date "2017.08.11"]
[Round "9"]
[White "Hiller, Simon"]
[Black "Horton, Justin"]
[Result "1/2-1/2"]
[WhiteElo "2164"]
[BlackElo "2030"]
[PlyCount "24"]
[EventDate "2017.08.04"]

1. Nf3 d5 2. c4 c6 3. g3 Nf6 4. Bg2 Bf5 5. cxd5 cxd5 6. Qb3 Nc6 7. O-O e5 8.
Qxb7 Na5 9. Qa6 Bc8 10. Qb5+ Bd7 11. Qa6 Bc8 12. Qb5+ Bd7 1/2-1/2

[Event "Open Letni Praha 2017 - A"]
[Site "Praha"]
[Date "2017.08.11"]
[Round "9"]
[White "Kaderabek, Jiri"]
[Black "Jayaram, Ramanna"]
[Result "1/2-1/2"]
[WhiteElo "2120"]
[BlackElo "2021"]
[PlyCount "124"]
[EventDate "2017.08.04"]

1. Nf3 Nf6 2. c4 g6 3. Nc3 d5 4. d4 Bg7 5. g3 c6 6. Bg2 O-O 7. O-O Ne4 8. Qc2
Bf5 9. Qb3 Qb6 10. cxd5 Qxb3 11. axb3 Nxc3 12. bxc3 cxd5 13. Nd2 Rd8 14. e4 Be6
15. Ra5 dxe4 16. Bxe4 Nc6 17. Rb5 Bxd4 18. Rxb7 Bxc3 19. Nb1 Na5 20. Rc7 Bb4
21. Bxa8 Rxa8 22. Bd2 Bxd2 23. Nxd2 Nxb3 24. Nxb3 Bxb3 25. Rb1 Bd5 26. Rbc1 a5
27. Rc8+ Rxc8 28. Rxc8+ Kg7 29. Rc5 e6 30. Rxa5 h5 31. f4 Kf6 32. Kf2 Kf5 33.
Ra7 e5 34. Ra5 Ke4 35. fxe5 Kxe5 36. Ke3 f6 37. Ra7 Ke6 38. Rg7 Kf5 39. Re7 Bb3
40. Re4 Bd5 41. Rb4 Ke5 42. Rb5 Ke6 43. Kd4 Bg2 44. Rb2 Bf3 45. Rf2 Bg4 46. Rf1
Bh3 47. Re1+ Kf5 48. Kd5 g5 49. Kd6 Kg6 50. Re3 Bg4 51. Re8 Kf7 52. Rh8 Kg7 53.
Ra8 Kf7 54. Ra7+ Kg6 55. Ke7 f5 56. Ra6+ Kg7 57. Rf6 h4 58. Rb6 hxg3 59. hxg3
f4 60. gxf4 gxf4 61. Rb4 Bf5 62. Rxf4 Bh7 1/2-1/2

[Event "Open Letni Praha 2017 - A"]
[Site "Praha"]
[Date "2017.08.11"]
[Round "9"]
[White "Domanski, Lukasz"]
[Black "Maza Lopez De Los M, Santiago"]
[Result "1-0"]
[WhiteElo "2102"]
[BlackElo "1994"]
[PlyCount "85"]
[EventDate "2017.08.04"]

1. e4 c6 2. c4 d5 3. cxd5 cxd5 4. exd5 Qxd5 5. Nc3 Qa5 6. d4 Nf6 7. Nf3 e6 8.
Bd3 Bd6 9. O-O a6 10. Re1 Nbd7 11. Bg5 O-O 12. Bc2 h6 13. Bh4 Qh5 14. Qd3 g5
15. Bg3 Bxg3 16. fxg3 Rd8 17. Rf1 b5 18. Ne4 Bb7 19. Nd6 Bxf3 20. Rxf3 Kf8 21.
Raf1 a5 22. Nb7 Ne5 23. Nxd8 Nxd3 24. Nxe6+ fxe6 25. Rxf6+ Ke7 26. Bxd3 Qg4 27.
Rf7+ Kd6 28. Bxb5 Qxd4+ 29. Kh1 Rd8 30. Be2 Kc5 31. Rc1+ Kb6 32. Rfc7 Rd6 33.
h3 e5 34. Bg4 e4 35. Bc8 Kb5 36. R1c3 a4 37. b3 axb3 38. Rxb3+ Ka5 39. Rcb7 Ka4
40. Rb8 Rd5 41. Bb7 Qe5 42. Bc6+ Rb5 43. Ra8# 1-0

[Event "Open Letni Praha 2017 - A"]
[Site "Praha"]
[Date "2017.08.11"]
[Round "9"]
[White "Simecek, Bohumil"]
[Black "Drahorad, Daniel"]
[Result "1-0"]
[WhiteElo "2086"]
[BlackElo "1925"]
[PlyCount "80"]
[EventDate "2017.08.04"]

1. d4 Nf6 2. c4 e6 3. Nf3 d5 4. g3 Bb4+ 5. Nbd2 O-O 6. Bg2 c6 7. Qc2 Nbd7 8.
O-O Re8 9. Rd1 Qe7 10. e4 dxe4 11. Nxe4 Nxe4 12. Qxe4 Nf6 13. Qe2 Bd6 14. b3 h6
15. Bb2 Bd7 16. Ne5 Rac8 17. Rd3 b5 18. Rad1 Red8 19. h3 Be8 20. Kh2 c5 21.
dxc5 Bxc5 22. Rxd8 Rxd8 23. Rxd8 Qxd8 24. cxb5 Qb6 25. a4 Bxf2 26. Nc4 Qc5 27.
Bf3 Nh7 28. b4 Bxg3+ 29. Kxg3 Qxb4 30. Bc6 Qb3+ 31. Kh2 Bxc6 32. bxc6 Ng5 33.
Ne3 Qxa4 34. Qc4 Qa5 35. c7 Qd2+ 36. Ng2 Qd6+ 37. Qf4 Qc5 38. h4 e5 39. Bxe5
Ne6 40. Qe3 Qxe3 1-0

[Event "Open Letni Praha 2017 - A"]
[Site "Praha"]
[Date "2017.08.11"]
[Round "9"]
[White "Pulpan, Matej"]
[Black "Nehyba, Martin"]
[Result "1/2-1/2"]
[WhiteElo "2054"]
[BlackElo "1875"]
[PlyCount "80"]
[EventDate "2017.08.04"]

1. e4 c5 2. c3 d5 3. exd5 Qxd5 4. d4 e5 5. Nf3 Nc6 6. Nxe5 Nxe5 7. dxe5 Qxe5+
8. Be3 Nf6 9. Bb5+ Bd7 10. Bxd7+ Nxd7 11. O-O Be7 12. Re1 Rd8 13. Qa4 O-O 14.
Qxa7 Bd6 15. g3 Qd5 16. Qa4 Ne5 17. Rd1 Nf3+ 18. Kh1 Nd4+ 19. Kg1 Nf3+ 20. Kh1
Qh5 21. Kg2 b5 22. Qc2 Bxg3 23. Nd2 Nxd2 24. Rxd2 Qxh2+ 25. Kf3 Rxd2 26. Qxd2
Bc7 27. Qd5 Qh3+ 28. Ke2 Qg4+ 29. Kf1 Bh2 30. Rd1 Re8 31. Qd7 Qxd7 32. Rxd7 f6
33. Bxc5 Be5 34. Rb7 Rb8 35. Rxb8+ Bxb8 36. b3 Kf7 37. a4 bxa4 38. bxa4 Bc7 39.
c4 Ke6 40. Kg2 h5 1/2-1/2

[Event "Open Letni Praha 2017 - A"]
[Site "Praha"]
[Date "2017.08.11"]
[Round "9"]
[White "Babicka, Michal"]
[Black "Jurcisin, Imrich"]
[Result "1-0"]
[WhiteElo "2022"]
[BlackElo "2049"]
[PlyCount "53"]
[EventDate "2017.08.04"]

1. e4 d5 2. exd5 Nf6 3. d4 Nxd5 4. c4 Nb4 5. a3 N4c6 6. Nf3 Bg4 7. d5 Ne5 8.
Be2 Nxf3+ 9. Bxf3 Bxf3 10. Qxf3 Nd7 11. Nc3 g6 12. O-O Bg7 13. Re1 O-O 14. Bf4
a6 15. Rad1 Nf6 16. Be5 Qd7 17. c5 Rad8 18. h3 Ne8 19. c6 Qc8 20. Bxg7 Nxg7 21.
Rxe7 bxc6 22. dxc6 Rxd1+ 23. Qxd1 Rd8 24. Rd7 Ne6 25. Ne4 Kg7 26. Ng5 Rxd7 27.
Nxe6+ 1-0

[Event "Open Letni Praha 2017 - A"]
[Site "Praha"]
[Date "2017.08.11"]
[Round "9"]
[White "Afanasieva, Alexandra"]
[Black "Pribyl, Viktor"]
[Result "1/2-1/2"]
[WhiteElo "2041"]
[BlackElo "1906"]
[PlyCount "95"]
[EventDate "2017.08.04"]

1. e4 d6 2. d4 Nf6 3. Nc3 Nbd7 4. Nf3 e5 5. Bc4 Be7 6. O-O c6 7. a4 O-O 8. Re1
b6 9. d5 Bb7 10. dxc6 Bxc6 11. Nd5 Nc5 12. Nxf6+ Bxf6 13. Bd5 Bxd5 14. Qxd5 Qd7
15. b3 Qb7 16. Qxb7 Nxb7 17. Ba3 Rac8 18. Re2 Rc7 19. Rd1 Rfc8 20. Ne1 Rd8 21.
Rd5 Nc5 22. f3 Rc6 23. Bxc5 Rxc5 24. Red2 Be7 25. Kf2 Kf8 26. g3 Rdc8 27. c4 a6
28. Nc2 b5 29. axb5 axb5 30. Ne3 Bg5 31. cxb5 Rb8 32. Rxd6 Rcxb5 33. R2d3 Rxb3
34. Nc4 Be7 35. R6d5 Rxd3 36. Rxd3 Bc5+ 37. Ke2 Bd4 38. f4 Rb4 39. Nd2 f6 40.
Rb3 Rxb3 41. Nxb3 Bg1 42. h3 exf4 43. gxf4 g5 44. Kf3 Bh2 45. fxg5 fxg5 46. Nd4
Kf7 47. Kg4 Kg6 48. Kf3 1/2-1/2

[Event "Open Letni Praha 2017 - A"]
[Site "Praha"]
[Date "2017.08.11"]
[Round "9"]
[White "Svetly, Jiri"]
[Black "Lushnikov, Evgeny"]
[Result "0-1"]
[WhiteElo "1993"]
[BlackElo "2121"]
[PlyCount "110"]
[EventDate "2017.08.04"]

1. d4 Nf6 2. c4 c5 3. d5 e6 4. Nc3 exd5 5. cxd5 d6 6. e4 g6 7. Bg5 Bg7 8. Nf3
O-O 9. Bd3 Bg4 10. O-O Nbd7 11. Bf4 Qe7 12. Rc1 a6 13. a4 Nh5 14. Bg5 Qxg5 15.
Nxg5 Bxd1 16. Rcxd1 Ne5 17. g3 h6 18. Nh3 Rfe8 19. Be2 Nf6 20. f3 g5 21. Nf2 h5
22. Kg2 Ng6 23. Rde1 h4 24. Bd3 hxg3 25. hxg3 Nh5 26. Rh1 Bxc3 27. bxc3 Nf6 28.
Rb1 Re7 29. Rb6 Rd8 30. Rhb1 Rdd7 31. Re1 Nxd5 32. Rb3 Nf6 33. Reb1 Ne5 34. c4
Kg7 35. Be2 Nc6 36. Nd1 Nd4 37. R3b2 g4 38. Ne3 gxf3+ 39. Bxf3 Kg6 40. Nd5 Nxd5
41. exd5 f5 42. g4 Nxf3 43. Kxf3 fxg4+ 44. Kf4 Rf7+ 45. Kxg4 Rde7 46. Rb6 Re4+
47. Kg3 Rf6 48. Rc1 Re3+ 49. Kg4 Re4+ 50. Kg3 Kg5 51. Rc3 Rg4+ 52. Kh2 Rf2+ 53.
Kh3 Rh4+ 54. Kg3 Rfh2 55. Kf3 R4h3+ 0-1

[Event "Open Letni Praha 2017 - A"]
[Site "Praha"]
[Date "2017.08.11"]
[Round "9"]
[White "Davies, Peter"]
[Black "Cristofari, Antoine"]
[Result "0-1"]
[WhiteElo "1966"]
[BlackElo "2085"]
[PlyCount "84"]
[EventDate "2017.08.04"]

1. c4 Nf6 2. Nc3 g6 3. g3 Bg7 4. Bg2 O-O 5. d3 c5 6. e3 Nc6 7. Nge2 d6 8. O-O
Bd7 9. a3 Qc8 10. Rb1 Bh3 11. b4 Bxg2 12. Kxg2 b6 13. Nd5 Nxd5 14. cxd5 Ne5 15.
f4 Nd7 16. e4 Qa6 17. Qb3 b5 18. Bb2 c4 19. dxc4 bxc4 20. Qf3 Bxb2 21. Rxb2
Rfc8 22. Rc1 c3 23. Rxc3 Rxc3 24. Qxc3 Rc8 25. b5 Qb7 26. Qe3 Rc4 27. Nd4 Qc7
28. Nc6 Nc5 29. Rb4 Rc2+ 30. Kg1 Qd7 31. Nd4 Ra2 32. Rc4 Qh3 33. Rc2 Ra1+ 34.
Rc1 Ra2 35. Nc2 Rb2 36. Qe2 h5 37. Qc4 h4 38. Qc3 Rb3 39. Qd2 hxg3 40. Qg2
gxh2+ 41. Kh1 Qxg2+ 42. Kxg2 Rc3 0-1

[Event "Open Letni Praha 2017 - B"]
[Site "Praha"]
[Date "2017.08.04"]
[Round "1"]
[White "Korenek, Frantisek"]
[Black "Birkestrand, Odd H"]
[Result "1/2-1/2"]
[WhiteElo "2075"]
[BlackElo "1640"]
[PlyCount "120"]
[EventDate "2017.08.04"]

1. c4 f5 2. d4 Nf6 3. g3 e6 4. Bg2 Be7 5. Nf3 O-O 6. O-O d6 7. Nc3 Ne4 8. Qc2
Nxc3 9. Qxc3 Nd7 10. Be3 a5 11. Rad1 Qe8 12. b3 Nf6 13. Qc2 Qh5 14. Bc1 Ng4 15.
h3 Nf6 16. Ne1 e5 17. dxe5 dxe5 18. Nd3 f4 19. Bb2 Bxh3 20. Nxe5 Bxg2 21. Kxg2
fxg3 22. fxg3 Bd6 23. Rf5 Qe8 24. e4 Bxe5 25. Rxe5 Qg6 26. Re6 Qg4 27. Rxf6
gxf6 28. Rf1 Rae8 29. Rf4 Qg6 30. Qe2 f5 31. e5 Re6 32. Qf3 Rd8 33. Bc3 b6 34.
Rxf5 h6 35. Kh3 h5 36. Qxh5 Qxh5+ 37. Rxh5 Rd3 38. Be1 Rd1 39. Rg5+ Kh7 40. Bf2
Rd2 41. Be3 Rxa2 42. Kg4 Rg6 43. Kf5 Rxg5+ 44. Bxg5 Kg7 45. Ke6 Kf8 46. Kd7 c5
47. Kc6 a4 48. bxa4 Rxa4 49. Kb5 Rb4+ 50. Kc6 Ke8 51. Kd5 Rb3 52. Bf4 Rb1 53.
e6 Rb4 54. Bc7 b5 55. cxb5 Rxb5 56. Kc6 Rb2 57. Kxc5 Ke7 58. Kd5 Rd2+ 59. Ke4
Kxe6 60. Bf4 Ra2 1/2-1/2

[Event "Open Letni Praha 2017 - B"]
[Site "Praha"]
[Date "2017.08.04"]
[Round "1"]
[White "Tatarintsev, Mikhail"]
[Black "Atnilov, Michael"]
[Result "1/2-1/2"]
[WhiteElo "1626"]
[BlackElo "2073"]
[PlyCount "28"]
[EventDate "2017.08.04"]

1. e4 c5 2. c4 Nc6 3. Ne2 Nf6 4. Nbc3 g6 5. d4 cxd4 6. Nxd4 Nxd4 7. Qxd4 d6 8.
Be3 Bg7 9. Be2 Be6 10. Qd2 O-O 11. f3 Rc8 12. Nd5 Bxd5 13. cxd5 Nd7 14. O-O Nc5
1/2-1/2

[Event "Open Letni Praha 2017 - B"]
[Site "Praha"]
[Date "2017.08.04"]
[Round "1"]
[White "Atnilov, Boris"]
[Black "Morganti, Noel"]
[Result "1-0"]
[WhiteElo "2029"]
[BlackElo "1604"]
[PlyCount "51"]
[EventDate "2017.08.04"]

1. e4 d6 2. d4 Nf6 3. Nc3 g6 4. f4 Bg7 5. Nf3 Bg4 6. Bc4 O-O 7. h3 Bxf3 8. Qxf3
c6 9. Bb3 a5 10. Be3 b5 11. e5 Ne8 12. a3 d5 13. f5 Nd7 14. O-O e6 15. f6 Bh8
16. Ne2 Nc7 17. c3 Qb8 18. Bh6 Re8 19. Bc2 c5 20. h4 cxd4 21. cxd4 b4 22. h5
Nf8 23. Bg7 Qb6 24. Qf4 Rec8 25. Bxh8 Kxh8 26. Qh6 1-0

[Event "Open Letni Praha 2017 - B"]
[Site "Praha"]
[Date "2017.08.04"]
[Round "1"]
[White "Burbach, Bruno"]
[Black "Janacek, Jaroslav"]
[Result "0-1"]
[WhiteElo "1602"]
[BlackElo "2019"]
[PlyCount "44"]
[EventDate "2017.08.04"]

1. e4 d6 2. d4 Nf6 3. Nc3 Nbd7 4. Be3 e5 5. d5 c6 6. Bc4 Be7 7. f3 Nf8 8. Nge2
Ng6 9. h4 Nh5 10. g3 b5 11. Bb3 b4 12. Ba4 bxc3 13. Bxc6+ Bd7 14. Bxa8 Qxa8 15.
bxc3 Bb5 16. Kf2 O-O 17. g4 Bxe2 18. Qxe2 Nhf4 19. Bxf4 Nxf4 20. Qe3 Bd8 21.
Kg3 Bb6 22. Qc1 Ne2+ 0-1

[Event "Open Letni Praha 2017 - B"]
[Site "Praha"]
[Date "2017.08.04"]
[Round "1"]
[White "Ragaa, Hassan"]
[Black "Kuchta, Jiri"]
[Result "1-0"]
[WhiteElo "2019"]
[BlackElo "1592"]
[PlyCount "35"]
[EventDate "2017.08.04"]

1. e4 c5 2. d4 cxd4 3. Nf3 d6 4. c3 dxc3 5. Nxc3 Nc6 6. Bc4 e6 7. O-O Be7 8.
Qe2 a6 9. Rd1 Qc7 10. Bf4 b5 11. Nxb5 axb5 12. Bxb5 Bd7 13. Qc4 e5 14. Nxe5
dxe5 15. Bxe5 Qxe5 16. Rxd7 Qxb2 17. Qxc6 Qxa1+ 18. Rd1+ 1-0

[Event "Open Letni Praha 2017 - B"]
[Site "Praha"]
[Date "2017.08.04"]
[Round "1"]
[White "Paseka, Christian"]
[Black "Biskup, Stepan"]
[Result "0-1"]
[WhiteElo "1766"]
[BlackElo "1384"]
[PlyCount "94"]
[EventDate "2017.08.04"]

1. d4 Nf6 2. c4 g6 3. Nf3 Bg7 4. g3 d5 5. cxd5 Nxd5 6. Bg2 O-O 7. O-O c5 8. e4
Nb6 9. dxc5 Qxd1 10. Rxd1 Na4 11. e5 Nc6 12. Nc3 Nxc3 13. bxc3 Nxe5 14. Rb1 Bg4
15. Rxb7 Nxf3+ 16. Kh1 Rfd8 17. Rf1 Rd3 18. Be3 a5 19. h3 Nd2 20. Bxd2 Be2 21.
c6 Bxf1 22. c7 Bxg2+ 23. Kxg2 Be5 24. Bf4 Bxc7 25. Rxc7 a4 26. Be5 f6 27. Bd4
Kf7 28. Bc5 Re8 29. Bb4 Rdd8 30. a3 Ke6 31. Ra7 Ra8 32. Rb7 Kd5 33. Rd7+ Kc6
34. Rd4 f5 35. h4 Rad8 36. Rc4+ Kb6 37. Kf3 e5 38. h5 g5 39. g4 e4+ 40. Kg3 f4+
41. Kg2 Rd2 42. Kf1 e3 43. fxe3 fxe3 44. Bc5+ Kb5 45. Bxe3 Rd1+ 46. Ke2 Kxc4
47. Kxd1 Rxe3 0-1

[Event "Open Letni Praha 2017 - B"]
[Site "Praha"]
[Date "2017.08.04"]
[Round "1"]
[White "Fischer, Josef"]
[Black "Kraus, Ondrej"]
[Result "0-1"]
[WhiteElo "1585"]
[BlackElo "1997"]
[PlyCount "82"]
[EventDate "2017.08.04"]

1. d4 Nf6 2. Bf4 c5 3. e3 g6 4. Nf3 Bg7 5. h3 O-O 6. Be2 b6 7. d5 e6 8. c4 exd5
9. cxd5 b5 10. Qc2 Nxd5 11. Be5 d6 12. Bxg7 Kxg7 13. Qd2 Nf6 14. Bxb5 Qb6 15.
Bc4 Ne4 16. Qc2 Bf5 17. Qb3 Nc6 18. Qxb6 axb6 19. Bd5 Nb4 20. Bxa8 Nc2+ 21. Ke2
Rxa8 22. Nbd2 Nxa1 23. Rxa1 Nxd2 24. Nxd2 d5 25. a3 g5 26. g4 Bd7 27. Kf3 b5
28. Nb3 c4 29. Nd4 h5 30. Nf5+ Bxf5 31. gxf5 b4 32. Rd1 Ra5 33. axb4 Rb5 34. e4
dxe4+ 35. Kxe4 Rxb4 36. Rd4 Rxb2 37. Rxc4 Rxf2 38. Rc3 Re2+ 39. Kf3 Re5 40. Re3
Rxe3+ 41. Kxe3 Kf6 0-1

[Event "Open Letni Praha 2017 - B"]
[Site "Praha"]
[Date "2017.08.04"]
[Round "1"]
[White "Benes, Petr"]
[Black "Dindera, Jaroslav"]
[Result "1-0"]
[WhiteElo "1994"]
[BlackElo "1583"]
[PlyCount "61"]
[EventDate "2017.08.04"]

1. c4 d6 2. g3 e6 3. Bg2 Bd7 4. d4 c6 5. Nf3 Nf6 6. O-O Be7 7. Nc3 h6 8. e4 Na6
9. Rb1 Rc8 10. b4 d5 11. exd5 cxd5 12. c5 Nc7 13. a4 b5 14. Ne5 O-O 15. c6 Na6
16. Nxb5 Be8 17. Nxa7 Nxb4 18. Nxc8 Qxc8 19. Ba3 Nxc6 20. Bxe7 Nxe7 21. Qb3 Qa6
22. Qb7 Qxb7 23. Rxb7 Nf5 24. a5 Nxd4 25. Rfb1 Ne4 26. Bxe4 dxe4 27. a6 f6 28.
Nd7 Ne2+ 29. Kf1 Bxd7 30. Rxd7 Nc3 31. Rbb7 1-0

[Event "Open Letni Praha 2017 - B"]
[Site "Praha"]
[Date "2017.08.04"]
[Round "1"]
[White "Husa, Daniel"]
[Black "Anatskiy, Alexey"]
[Result "0-1"]
[WhiteElo "1581"]
[BlackElo "1975"]
[PlyCount "92"]
[EventDate "2017.08.04"]

1. Nf3 d5 2. g3 c6 3. Bg2 g6 4. O-O Bg7 5. d3 Bg4 6. Nbd2 Nd7 7. e4 e6 8. h3
Bxf3 9. Nxf3 Ne7 10. c3 O-O 11. Qc2 Qc7 12. Be3 Rfe8 13. Rfe1 b6 14. Rad1 Rac8
15. Nd2 h5 16. f4 Bh6 17. Nf3 e5 18. fxe5 Bxe3+ 19. Rxe3 Nxe5 20. Nxe5 Qxe5 21.
d4 Qg5 22. Qf2 Nf5 23. Ree1 Nxg3 24. exd5 cxd5 25. Kh2 Ne4 26. Bxe4 Rxe4 27.
Rxe4 dxe4 28. Rg1 Qe7 29. Qf5 Qd6+ 30. Kh1 Re8 31. Qxh5 e3 32. Qe2 Qd5+ 33. Kh2
Qxa2 34. Rg3 Qe6 35. Kg2 Qe4+ 36. Kh2 Kg7 37. Rg4 Qe6 38. Kg2 f5 39. Rg3 f4 40.
Rf3 Qe4 41. Kh2 Qxf3 42. Qxf3 e2 43. Qb7+ Kh6 44. Qf7 e1=Q 45. Qxf4+ Kg7 46.
Qc7+ Re7 0-1

[Event "Open Letni Praha 2017 - B"]
[Site "Praha"]
[Date "2017.08.04"]
[Round "1"]
[White "Fragnaud, Jean-Guy"]
[Black "Hrbek, Tomas"]
[Result "1-0"]
[WhiteElo "1934"]
[BlackElo "1580"]
[PlyCount "55"]
[EventDate "2017.08.04"]

1. d4 d5 2. Nf3 Nf6 3. c4 e6 4. Nc3 Nbd7 5. e3 Be7 6. Bd3 dxc4 7. Bxc4 b6 8.
O-O Bb7 9. Qe2 a6 10. a4 c5 11. Rd1 cxd4 12. Nxd4 Qc7 13. h3 O-O 14. e4 Nxe4
15. Nxe4 Bxe4 16. Nxe6 Qc6 17. Nxf8 Kxf8 18. Rxd7 Qxd7 19. Qxe4 Qd1+ 20. Kh2
Rd8 21. Bg5 Qd6+ 22. Bf4 Qb4 23. Re1 b5 24. axb5 axb5 25. Bxb5 Rd4 26. Qxh7 f6
27. Qh8+ Kf7 28. Be8# 1-0

[Event "Open Letni Praha 2017 - B"]
[Site "Praha"]
[Date "2017.08.05"]
[Round "2"]
[White "Axelsson, Thomas"]
[Black "Atnilov, Boris"]
[Result "0-1"]
[WhiteElo "1734"]
[BlackElo "2029"]
[PlyCount "82"]
[EventDate "2017.08.04"]

1. e4 e6 2. d4 d5 3. e5 c5 4. c3 Nc6 5. Nf3 Qb6 6. Bd3 Bd7 7. O-O cxd4 8. cxd4
Nxd4 9. Nbd2 Nxf3+ 10. Nxf3 Bb5 11. Be3 Qa6 12. Bxb5+ Qxb5 13. Nd4 Qd7 14. Rc1
Ne7 15. Qb3 Nc6 16. Nxc6 bxc6 17. Qa4 Rc8 18. Qxa7 Qxa7 19. Bxa7 c5 20. Rc2 Kd7
21. b4 cxb4 22. Rxc8 Kxc8 23. Rc1+ Kb7 24. Bd4 Be7 25. Rb1 Ka6 26. Rc1 Kb7 27.
Rb1 Ra8 28. Rb2 Rc8 29. Kf1 Ka6 30. Ke2 Ka5 31. Kd3 Ka4 32. g3 Rc4 33. f4 Ka3
34. Re2 g6 35. h4 Bc5 36. Ba1 Re4 37. Rc2 Rc4 38. Re2 Ka4 39. Bb2 Kb5 40. Ba1
Rc1 41. Bb2 Rg1 0-1

[Event "Open Letni Praha 2017 - B"]
[Site "Praha"]
[Date "2017.08.05"]
[Round "2"]
[White "Janacek, Jaroslav"]
[Black "Wesener, Lorenz"]
[Result "1-0"]
[WhiteElo "2019"]
[BlackElo "1758"]
[PlyCount "93"]
[EventDate "2017.08.04"]

1. Nf3 Nf6 2. c4 c6 3. b3 e6 4. g3 d5 5. Bg2 Nbd7 6. d4 Ne4 7. O-O Be7 8. Ne1
Nef6 9. Bb2 O-O 10. Nd2 Qc7 11. Rc1 Rd8 12. Nd3 dxc4 13. bxc4 Nf8 14. Qb3 Rb8
15. Rfd1 Ng6 16. e4 Ng4 17. h3 Nh6 18. Qc3 Bf6 19. e5 Be7 20. Ne4 Nf5 21. Ndc5
b6 22. Nb3 Bb7 23. c5 b5 24. Nd6 Bg5 25. Rc2 Nfe7 26. h4 Bh6 27. h5 Nh8 28. Qa5
Qxa5 29. Nxa5 Ba8 30. f4 g6 31. hxg6 hxg6 32. Bc1 Bg7 33. Kf2 f6 34. Bf3 f5 35.
Bd2 Nf7 36. Nb3 Nd5 37. Ba5 Rd7 38. Bg2 Nxd6 39. cxd6 g5 40. Nc5 Rf7 41. Nxe6
gxf4 42. gxf4 Bh6 43. Bxd5 cxd5 44. Rg1+ Kh8 45. Rh1 Rh7 46. Rc7 Bb7 47. Ng5
1-0

[Event "Open Letni Praha 2017 - B"]
[Site "Praha"]
[Date "2017.08.05"]
[Round "2"]
[White "Birkestrand, Odd"]
[Black "Ragaa, Hassan"]
[Result "1/2-1/2"]
[WhiteElo "1717"]
[BlackElo "2019"]
[PlyCount "107"]
[EventDate "2017.08.04"]

1. e4 d5 2. exd5 Nf6 3. Nc3 Nxd5 4. Bc4 Nb6 5. Bb3 Bf5 6. Nge2 e6 7. O-O Nc6 8.
d4 Bd6 9. Nb5 O-O 10. Nxd6 cxd6 11. Ng3 Bg6 12. a3 Na5 13. Ba2 Rc8 14. c3 d5
15. Qe2 Nac4 16. Bb1 Na4 17. Bxg6 hxg6 18. Qc2 Nab6 19. Re1 Qh4 20. Nf1 Nd6 21.
Re3 Qxd4 22. Qe2 Qa4 23. Rh3 Ne4 24. Qg4 Nxc3 25. f4 Nd1 26. Qh4 f6 27. b4 Qc2
28. Bd2 Nc3 29. Qg4 Ne4 30. Qxe6+ Rf7 31. Rc1 Rc6 32. Qe8+ Rf8 33. Rh8+ Kxh8
34. Qxf8+ Kh7 35. Rxc2 Rxc2 36. Be3 Nc4 37. h4 Re2 38. Bc5 Re1 39. Qf7 Nxc5 40.
bxc5 Rc1 41. Kf2 Rc2+ 42. Kf3 Rc3+ 43. Kg4 Nd2 44. h5 Nxf1 45. Qxg6+ Kh8 46.
Qe8+ Kh7 47. Qe1 Ne3+ 48. Kh3 d4 49. Qb1+ f5 50. Qxb7 Nf1+ 51. Kh4 Rg3 52. Qd5
Rg4+ 53. Kh3 Rg3+ 54. Kh4 1/2-1/2

[Event "Open Letni Praha 2017 - B"]
[Site "Praha"]
[Date "2017.08.05"]
[Round "2"]
[White "Kraus, Ondrej"]
[Black "Shintre, Neel"]
[Result "1/2-1/2"]
[WhiteElo "1997"]
[BlackElo "1720"]
[PlyCount "92"]
[EventDate "2017.08.04"]

1. Nf3 d5 2. c4 c6 3. Nc3 Nf6 4. d4 a6 5. g3 Bf5 6. Bg2 e6 7. Nh4 Bg4 8. h3 Bh5
9. O-O Be7 10. Nf3 Nbd7 11. Bf4 O-O 12. g4 Bg6 13. Nd2 h6 14. Qb3 b5 15. cxb5
cxb5 16. e3 Nb6 17. a4 Nc4 18. Nf3 b4 19. Ne2 Ne4 20. Rfc1 a5 21. Qa2 Ng5 22.
b3 Nxf3+ 23. Bxf3 Nd6 24. Bg2 Rc8 25. Rxc8 Qxc8 26. Rc1 Qb7 27. f3 Rc8 28. Qd2
Rxc1+ 29. Qxc1 Qc8 30. Qxc8+ Nxc8 31. Bc7 Bc2 32. Nc1 Nd6 33. Bxa5 Nc4 34. Bc7
Bd6 35. Bxd6 Nxd6 36. Bf1 Nb7 37. Bd3 Bd1 38. Bb1 Na5 39. Ba2 Bxf3 40. Nd3 Nc6
41. Kf2 Be4 42. Ke2 Bxd3+ 43. Kxd3 Kf8 44. Bb1 g5 45. e4 Ke7 46. exd5 exd5
1/2-1/2

[Event "Open Letni Praha 2017 - B"]
[Site "Praha"]
[Date "2017.08.05"]
[Round "2"]
[White "Navaratnam, Rohan Shan Tze"]
[Black "Benes, Petr"]
[Result "0-1"]
[WhiteElo "1701"]
[BlackElo "1994"]
[PlyCount "74"]
[EventDate "2017.08.04"]

1. e4 Nc6 2. Nf3 d6 3. d4 Nf6 4. d5 Nb8 5. Bd3 g6 6. c4 Bg7 7. O-O O-O 8. Nc3
c6 9. h3 a6 10. Be3 e6 11. Rc1 b5 12. cxb5 cxb5 13. b4 exd5 14. Nxd5 Nxd5 15.
exd5 Bb7 16. Qb3 Nd7 17. Nd4 Nf6 18. Nc6 Qd7 19. Be2 Rfe8 20. Bf3 Ne4 21. Rc2
Rac8 22. Rfc1 h6 23. Qd3 f5 24. g3 Kh7 25. Kh2 Qf7 26. Rd1 h5 27. h4 Bf6 28.
Kg2 Bg7 29. Bf4 Qd7 30. Rdc1 Nf6 31. Na5 Rxc2 32. Rxc2 Ba8 33. Nb3 Ng4 34. Re2
Ne5 35. Qd1 Rc8 36. Nd4 Rc3 37. Bxe5 dxe5 0-1

[Event "Open Letni Praha 2017 - B"]
[Site "Praha"]
[Date "2017.08.05"]
[Round "2"]
[White "Bara, Josef"]
[Black "Paseka, Christian"]
[Result "1/2-1/2"]
[WhiteElo "1404"]
[BlackElo "1766"]
[PlyCount "73"]
[EventDate "2017.08.04"]

1. d4 f5 2. c4 g6 3. Nc3 Nf6 4. Nf3 Bg7 5. Bf4 d6 6. Rc1 O-O 7. Qc2 Na6 8. Bg3
Nh5 9. e3 c6 10. Qb3 Nxg3 11. hxg3 Nc7 12. Bd3 e5 13. dxe5 dxe5 14. c5+ Kh8 15.
Be2 Qe7 16. Nh4 Rf6 17. Nf3 Qxc5 18. O-O Qe7 19. Rfd1 Rb8 20. Na4 Be6 21. Bc4
Bxc4 22. Rxc4 b5 23. Rcc1 Na6 24. Nc3 Rb7 25. a3 h6 26. Qc2 Rd6 27. e4 Rxd1+
28. Rxd1 Rd7 29. exf5 Rxd1+ 30. Nxd1 Qd6 31. fxg6 b4 32. Ne3 bxa3 33. bxa3 Nc7
34. Nh4 Nd5 35. Nef5 Qd7 36. Nxg7 Kxg7 37. Qe4 1/2-1/2

[Event "Open Letni Praha 2017 - B"]
[Site "Praha"]
[Date "2017.08.05"]
[Round "2"]
[White "Anatskiy, Alexey"]
[Black "Novotna, Tereza"]
[Result "1-0"]
[WhiteElo "1975"]
[BlackElo "1717"]
[PlyCount "81"]
[EventDate "2017.08.04"]

1. d4 Nf6 2. Bg5 g6 3. Bxf6 exf6 4. e3 Bg7 5. g3 f5 6. Bg2 d6 7. Ne2 Nd7 8. Nd2
Nf6 9. c3 h5 10. Qb3 O-O 11. Nf4 Kh7 12. h3 c6 13. Bf3 d5 14. Qc2 Re8 15. O-O-O
a5 16. g4 h4 17. Be2 b5 18. Bd3 Ne4 19. gxf5 Bxf5 20. Nxe4 Bxe4 21. Bxe4 Rxe4
22. Rhg1 Bh6 23. Nd3 b4 24. Nc5 Re7 25. c4 dxc4 26. Qxc4 Rc7 27. Kb1 Qf6 28.
Qe2 Bf8 29. Rc1 Re7 30. Rg4 Rc7 31. Rf4 Qd8 32. Qg4 Be7 33. Rxf7+ Kh6 34. Ne6
Qg8 35. Nxc7 Qxf7 36. Nxa8 Qg8 37. Rg1 g5 38. Nc7 Bf6 39. Qe6 Qg6+ 40. Ka1 c5
41. Nd5 1-0

[Event "Open Letni Praha 2017 - B"]
[Site "Praha"]
[Date "2017.08.05"]
[Round "2"]
[White "Cisarik, Pavol"]
[Black "Fragnaud, Jean-Guy"]
[Result "0-1"]
[WhiteElo "1693"]
[BlackElo "1934"]
[PlyCount "66"]
[EventDate "2017.08.04"]

1. e4 c6 2. d4 d5 3. e5 Bf5 4. Nc3 e6 5. g4 Bg6 6. Nge2 f6 7. h4 fxe5 8. dxe5
Bb4 9. Bg5 Ne7 10. Nd4 Bf7 11. Qd3 Nd7 12. f4 Nc5 13. Qf3 Ne4 14. O-O-O Nxc3
15. bxc3 Ba3+ 16. Kb1 Qb6+ 17. Nb3 a5 18. f5 a4 19. f6 axb3 20. cxb3 gxf6 21.
Qxf6 Rf8 22. Bd3 Bg8 23. Qh6 Qc5 24. Rhf1 Rxf1 25. Rxf1 O-O-O 26. Rf8 Qg1+ 27.
Rf1 Qg2 28. Bd2 Ng6 29. Qe3 Rf8 30. Rxf8+ Bxf8 31. Qa7 Qxd2 32. Bxg6 Qe1+ 33.
Kb2 Qxe5 0-1